Quizzes
Events
Quiz Creation
Community
Videos
Private Events
Remove Ads
Sign In
Join for FREE
Feedback
Dark Mode
Quiz Categories
Sports
Geography
Music
Movies
Television
Just For Fun
Miscellaneous
History
Literature
Language
Science
Gaming
Entertainment
Religion
Holiday
For Kids
Quiz Lab
Recent
Popular Today
Quiz Kudos Today
Editor Picks
Curator Picks
Quizzes by...
Day
Popularity
Type
Ratings
Length
Year
Community
Subscriptions
Recent Discussions
Orange Saloon
Badges
Playlists
Quests
Create
Leaderboards
Showdown
Live 5
Trivia Bingo
Activity
Puzzle Library
Sporcle Events
Private Events
Virtual Trivia
Globe League
Become a Host
Pub Owners
SporcleCon
Opinionation
Our Games
Videos
Blog
Mobile Apps
Partnerships
Remove Ads and Go Orange
Feedback
Sports
Athletes
MLB
NBA
NHL
NFL
Soccer
Sports Teams
WWE
NCAA
Football
Premier League
Basketball
Baseball
Hockey
Golf
Tennis
Cricket
Rugby
Auto Racing
Olympics
World Cup
Sports
Athletes
MLB
NBA
NHL
NFL
Soccer
Sports Teams
WWE
NCAA
Football
Premier League
Basketball
Baseball
Hockey
Golf
Tennis
Cricket
Rugby
Auto Racing
Olympics
World Cup
Random Quiz
Search Sporcle
×
Quiz Lab
Quiz Lab
Sports
Baseball
Select answers by clicking on text or image buttons
Select answers by clicking on text or image buttons
Clickable
Best Score? Go Orange.
Big 4 Sports Cities Stats
Can you pick the Big 4 Sports City Names (by nickname)?
By
cub957
8m
122 Questions
753 Plays
753 Plays
753 Plays
Comments
Comments
Give Quiz Kudos
Give Quiz Kudos
-
- Ratings
hide this ad
More Info
Forced Order
Answers have to be entered in order
Answers have to be entered in order
Replay
Link that replays current quiz
Next Quiz
Link to next quiz in quiz playlist
You Got
0%
They Got
Avg Score
91%
Avg Friend Score
Upgrade to see
Score Distribution
Jump to the score distribution portion of the page
Score
0/122
Timer
08:00
0
Plays Today
% Correct
Chicago
95%
New York
94%
Pittsburgh
94%
New Orleans
93.9%
New York
93.5%
New York
93.5%
New York
93.5%
Chicago
93.5%
Detroit
93.4%
Dallas
93.4%
Anaheim
93.4%
Colorado
93.2%
Toronto
93.2%
Miami
93.1%
New York
93%
Philadelphia
93%
Chicago
93%
Minnesota
93%
Dallas
93%
Pittsburgh
93%
Cleveland
93%
Cleveland
93%
Utah
93%
Atlanta
92.8%
Minnesota
92.7%
Chicago
92.6%
Minnesota
92.6%
Cincinnati
92.6%
Edmonton
92.6%
Miami
92.4%
Toronto
92.4%
Atlanta
92.4%
New Orleans
92.4%
Orlando
92.4%
Los Angeles
92.3%
Los Angeles
92.3%
Boston
92.2%
New England
92.2%
Washington
92.2%
Washington
92.2%
Detroit
92.2%
% Correct
Oakland
92.2%
Seattle
92.2%
Indiana
92.2%
Memphis
92.2%
Buffalo
92.2%
Calgary
92.2%
Philadelphia
92%
Philadelphia
92%
Boston
92%
Detroit
92%
Arizona
92%
Los Angeles
91.9%
San Francisco
91.9%
Oakland
91.9%
Toronto
91.9%
Houston
91.9%
Montreal
91.9%
Washington
91.8%
Houston
91.8%
Atlanta
91.8%
Tampa Bay
91.8%
Tampa Bay
91.8%
Milwaukee
91.8%
Jacksonville
91.8%
New York
91.6%
Minnesota
91.6%
Denver
91.6%
Denver
91.6%
Los Angeles
91.6%
Seattle
91.6%
San Jose
91.5%
Ottawa
91.5%
San Antonio
91.5%
Detroit
91.4%
Tampa Bay
91.4%
Pittsburgh
91.2%
Kansas City
91.2%
Kansas City
91.2%
Green Bay
91.2%
Baltimore
91.2%
Miami
91.1%
% Correct
Dallas
91.1%
Golden State
91.1%
St. Louis
91.1%
Cincinnati
91.1%
Indianapolis
91.1%
Baltimore
91.1%
Houston
91%
Carolina
91%
Milwaukee
91%
Sacramento
91%
Oklahoma City
91%
Vancouver
91%
Philadelphia
90.8%
Boston
90.8%
Arizona
90.8%
Buffalo
90.8%
Portland
90.8%
New York
90.7%
Washington
90.7%
San Francisco
90.7%
Cleveland
90.7%
Nashville
90.6%
Brooklyn
90.4%
Carolina
90.4%
Chicago
90.2%
Colorado
90.2%
Los Angeles
90.2%
St. Louis
90.2%
Tennessee
90.2%
New Jersey
90%
San Diego
89.8%
Phoenix
89.6%
Columbus
89.5%
San Diego
89.2%
Winnipeg
88.8%
Florida
88.7%
Charlotte
88.2%
Phoenix
87.9%
Texas
87.6%
St. Louis
87.4%
Quiz Playlist
Details
Report
Send in Message
Add To Playlist
More Info:
Click the city name of the corresponding team nickname (note: some nicknames overlap)
Clickable:
Select answers by clicking on text or image buttons
Forced Order:
Answers have to be entered in order
Last Updated: Feb 16, 2017
Quiz Scoreboard
CHALLENGE
Sign Up to Join the Scoreboard
Show All
Scores
Hide
Comments
May contain spoilers
Recently Published
College Basketball Coaching Resumes
by pancakes188
Sports
9m
Billboard Blitz: Fleetwood Mac
by CooCooCachoo
Music
15s
Presidents Visiting Landmarks
by Hejman
History
7m
More to Explore
Quiz From the Vault
Featured Blog Post
Where Did the Easter Bunny Come From?
hide this ad
You Might Also Like...
Tags
Baseball Quiz
Basketball Quiz
MLB Quiz
NBA Quiz
NFL Quiz
NHL Quiz
Sports Teams Quiz
Big 4
Today's Top Quizzes in Sports
Browse Sports
hide this ad
Today's Top Quizzes in Baseball
Browse Baseball
Top Contributed Quizzes in Sports
1
Les meilleurs buteurs des matchs entre le PSG et l’OM
2
2022 World Cup Stars
3
FIFA Club World Cup Champions
4
Les entraîneurs de l'OM et du PSG au 21e siècle
5
Criteria MLB: Left Handed Sluggers
6
AFC Teams Reveal (Wrong Answers Minefield)
7
5-to-1: UK Sports Teams
8
Name the Premier League winners with different clubs
9
5-to-1: FBS Animal Nicknames
10
Players with Multiple 50 Home Run Seasons
Explore More
Trending Topics
Harry Potter
Marvel
Kpop
Anime
Disney
NBA
Crossword
Soccer
NFL
Song
Country
WWE
Puzzle
Pokémon
The Office
hide this ad
More By:
cub957
Quiz
Plays
Rating
Category
Featured
Created
Big 4 Sports Cities
753
4.50
Sports
Mar 23, 2014
Go to Creator's Profile
Score Distribution
Quiz Creator Spotlight
cub957
Follow
Send a Message
Quizzes Created
-
Created Quiz Play Count
-
More By This Creator
Popular Quizzes Today
1
Find the US States - No Outlines Minefield
2
Find the Countries of Europe - No Outlines Minefield
3
The Countries of the World
4
Find the US States
5
Risky Map Clicking: Biggest States A-Z
6
US States
7
Popular People in 1961
8
Movies - When Are They Set?
More Sports Quizzes
Packers Retired Numbers (Picture Click)
Curator's Pick
Trending Quizzes
Risky Map Clicking: Least Populous States A-Z
1-10 Letter G Words
1-10 Letter F Words
Risky Map Clicking: Next State Alphabetically
Click the Washington State Counties! (Map)
Recently Updated
Leaping Animals
pecheneg
Reality TV Shows (A-Z)
bhenderson79
Rickey Henderson's Hall of Fame Teammates
pecheneg
Champions League XIs: Arsenal
pecheneg
Quick Pick: Celebrities in WWE's Hall of Fame
aduchscher
A-Z Keypad Blitz II
pecheneg
Multiple Oscar Actors
pecheneg
Mystery Phrase Blitz: Oscar 'Best Actors'
pecheneg
F. Scott Fitzgerald Novels
LTH
Pick 3 Villains
ddd62291
Trending Topics
Harry Potter
Marvel
Kpop
NBA
Disney
Anime
Crossword
The Office
Pokémon
Country
WWE
NFL
Puzzle
Soccer
Song
Your Account Isn't Verified!
In order to create a playlist on Sporcle, you need to verify the email address you used during registration. Go to your
Sporcle Settings
to finish the process.
Report this User
Report this user for behavior that violates our
Community Guidelines
.
Details:
Send Report
Go to the Sporcle.com Mobile Site →
Comments